000 00406nam a22001697a 4500
005 20180703165727.0
008 160620b xxu||||| |||| 00| 0 eng d
020 _a978-0-07-065665-9
041 _aeng
082 _b8445
_a658.15
100 _aChandra, Prasanna
_91156
245 _aFinancial Management
260 _bTMH
_c2008
_anew delhi
300 _a1080p,
650 _aManagement
_9241
942 _cBK
999 _c3229
_d3228